[Event "Avoine op 37th"]
[Site "Avoine"]
[Date "2023.07.29"]
[Round "8"]
[White "Stephan, Victor"]
[Black "Delorme, Alban"]
[Result "0-1"]
[WhiteElo "2383"]
[BlackElo "2282"]
[PlyCount "90"]
[EventDate "2023.07.22"]
[EventType "swiss"]
[EventRounds "9"]
[EventCountry "FRA"]
[SourceTitle "CBM 215 Extra"]
[Source "ChessBase"]
[SourceDate "2023.09.30"]
[SourceVersion "1"]
[SourceVersionDate "2023.09.30"]
[SourceQuality "1"]

1. d4 d5 2. c4 e6 3. Nc3 Nf6 4. cxd5 exd5 5. Bg5 Be7 6. e3 h6 7. Bh4 c6 8. Bd3 Ne4 9. Bxe7 Qxe7 10. Qc2 Bf5 11. Nge2 0-0 12. Bxe4 dxe4 13. Ng3 Bh7 14. 0-0 Nd7 15. Qb3 Nf6 16. Qa3 Qe6 17. Rac1 Kh8 18. Na4 h5 19. Nc5 Qc8 20. f3 exf3 21. Rxf3 h4 22. Ne2 Qc7 23. Rcf1 b6 24. Nd3 Ng4 25. Nef4 Rae8 26. h3 Nf6 27. Ne5 c5 28. Qc3 Kg8 29. Qc4 Be4 30. R3f2 Qd6 31. Neg6 b5 32. Qb3 c4 33. Qxb5 fxg6 34. Qxc4+ Kh7 35. Qb5 Bf5 36. Rf3 Ne4 37. Qa5 Qb6 38. Qe1 Ng3 39. R1f2 Qxd4 40. Rd2 Qe4 41. Nd5 Bxh3 42. Rxg3 hxg3 43. Qxg3 Bg4 44. Rd4 Qb1+ 45. Kh2 Bh5 0-1

[Event "Avoine op 37th"]
[Site "Avoine"]
[Date "2023.07.24"]
[Round "3"]
[White "Delorme, Alban"]
[Black "Vlachos, Anatole"]
[Result "1-0"]
[WhiteElo "2282"]
[BlackElo "2454"]
[PlyCount "69"]
[EventDate "2023.07.22"]
[EventType "swiss"]
[EventRounds "9"]
[EventCountry "FRA"]
[SourceTitle "CBM 215 Extra"]
[Source "ChessBase"]
[SourceDate "2023.09.30"]
[SourceVersion "1"]
[SourceVersionDate "2023.09.30"]
[SourceQuality "1"]

1. d4 f5 2. Qd3 e6 3. g4 fxg4 4. h3 g3 5. fxg3 c5 6. Nf3 Nc6 7. Nc3 d5 8. Bg5 Be7 9. Bxe7 Ngxe7 10. dxc5 Qa5 11. 0-0-0 0-0 12. a3 Qxc5 13. e4 b6 14. Bg2 Qf2 15. exd5 exd5 16. Nh4 Ne5 17. Bxd5+ Kh8 18. Qe4 Nxd5 19. Qxd5 Qe3+ 20. Kb1 Ba6 21. Nf5 Qc5 22. Qxc5 bxc5 23. g4 Rab8 24. Nd6 Nc4 25. Nxc4 Bxc4 26. Ne4 Rf4 27. Nxc5 h6 28. Nd7 Rb5 29. Rhe1 Rf2 30. Re8+ Bg8 31. h4 Rg2 32. Ne5 Kh7 33. h5 Re2 34. Rxg8 Rbxe5 35. Rdd8 1-0

[Event "Titled Tuesday intern op 06th Jun Early"]
[Site "Chess.com INT"]
[Date "2023.06.06"]
[Round "3"]
[White "Delorme, Alban"]
[Black "Bogaudinov, Rushan"]
[Result "0-1"]
[WhiteElo "2282"]
[BlackElo "1939"]
[PlyCount "30"]
[EventDate "2023.06.06"]
[EventType "swiss (blitz)"]
[EventRounds "11"]
[EventCountry "USA"]
[SourceTitle "EXT 2024"]
[Source "ChessBase"]
[SourceDate "2023.10.10"]
[SourceVersion "1"]
[SourceVersionDate "2023.10.10"]
[SourceQuality "1"]

1. e4 d6 2. d4 Nf6 3. Nc3 a6 4. Be3 b5 5. f3 Bb7 6. a3 e6 7. Bd3 Be7 8. Nge2 0-0 9. g4 c5 10. b3 Nbd7 11. g5 Ne8 12. h4 Qc7 13. Ng3 cxd4 14. Bxd4 d5 15. 0-0 Qxg3+ 0-1

[Event "Titled Tuesday intern op 30th May Late"]
[Site "Chess.com INT"]
[Date "2023.05.30"]
[Round "2"]
[White "Delorme, Alban"]
[Black "Krishnan, Varun"]
[Result "0-1"]
[WhiteElo "2298"]
[BlackElo "2341"]
[PlyCount "98"]
[EventDate "2023.05.30"]
[EventType "swiss (blitz)"]
[EventRounds "11"]
[EventCountry "USA"]
[SourceTitle "CBM 214 Extra"]
[Source "ChessBase"]
[SourceDate "2023.07.31"]
[SourceVersion "1"]
[SourceVersionDate "2023.07.31"]
[SourceQuality "1"]

1. e4 e5 2. Nf3 Nc6 3. Bc4 Nf6 4. d4 exd4 5. e5 d5 6. Bb5 Ne4 7. Nxd4 Bd7 8. Bxc6 bxc6 9. 0-0 Be7 10. f3 Ng5 11. f4 Ne4 12. Be3 0-0 13. Nd2 Nxd2 14. Qxd2 c5 15. Nb3 d4 16. Bf2 Bc6 17. Rad1 Qd5 18. Bg3 Rab8 19. c3 d3 20. Rfe1 c4 21. Nd4 Bc5 22. Qf2 Rfd8 23. b3 cxb3 24. axb3 Rxb3 25. Rxd3 Rxc3 26. Rxc3 Bxd4 27. Rce3 Bxe3 28. Rxe3 Rb8 29. h3 a5 30. f5 a4 31. e6 fxe6 32. Bxc7 Rf8 33. Re5 Qd1+ 34. Kh2 a3 35. Rxe6 Bd5 36. Re7 a2 37. Qb2 a1Q 38. Rxg7+ Kh8 39. Be5 Qg1+ 40. Kg3 Qxg2+ 41. Qxg2 Qxe5+ 42. Kh4 Bxg2 43. Rxg2 Qf4+ 44. Rg4 Qh6+ 45. Kg3 Rg8 46. Kf3 Rxg4 47. hxg4 Kg7 48. g5 Qxg5 49. Ke4 Kf6 0-1

[Event "Titled Tuesday intern op 30th May Late"]
[Site "Chess.com INT"]
[Date "2023.05.30"]
[Round "1"]
[White "Delorme, Alban"]
[Black "Ozates, Tuna"]
[Result "1-0"]
[WhiteElo "2298"]
[BlackElo "2251"]
[PlyCount "95"]
[EventDate "2023.05.30"]
[EventType "swiss (blitz)"]
[EventRounds "11"]
[EventCountry "USA"]
[SourceTitle "CBM 214 Extra"]
[Source "ChessBase"]
[SourceDate "2023.07.31"]
[SourceVersion "1"]
[SourceVersionDate "2023.07.31"]
[SourceQuality "1"]

1. e4 e5 2. Nf3 Nf6 3. Nxe5 d6 4. Nf3 Nxe4 5. Nc3 Nxc3 6. dxc3 Be7 7. Bd3 0-0 8. 0-0 d5 9. h3 c5 10. c4 d4 11. c3 Nc6 12. cxd4 Nxd4 13. Nxd4 Qxd4 14. Qc2 h6 15. Be3 Qh4 16. Rfe1 Bd6 17. Rad1 Kh8 18. Be4 Be7 19. Bf3 Be6 20. Bxb7 Rab8 21. Bd5 Bf6 22. b3 Rfc8 23. Bxe6 fxe6 24. Rd7 a5 25. Ra7 Rd8 26. Rxa5 Bd4 27. Bxd4 cxd4 28. Qd3 Qf6 29. Rae5 Rb6 30. c5 Rc6 31. b4 Rf8 32. R1e2 Rd8 33. b5 Rcc8 34. Rxe6 Qf4 35. c6 Rf8 36. R6e4 Qc1+ 37. Kh2 Qf1 38. Qxd4 Rcd8 39. Qe3 Rd1 40. Re8 Qg1+ 41. Kg3 Rxe8 42. Qxe8+ Kh7 43. Qe4+ Kh8 44. c7 Rc1 45. Qe8+ Kh7 46. c8Q Rxc8 47. Qxc8 Qb1 48. Qc2+ 1-0

[Event "Titled Tuesday intern op 09th May Early"]
[Site "Chess.com INT"]
[Date "2023.05.09"]
[Round "6"]
[White "De Boer, Eelke"]
[Black "Delorme, Alban"]
[Result "1-0"]
[WhiteElo "2293"]
[BlackElo "2298"]
[PlyCount "43"]
[EventDate "2023.05.09"]
[EventType "swiss (blitz)"]
[EventRounds "11"]
[EventCountry "USA"]
[SourceTitle "CBM 214 Extra"]
[Source "ChessBase"]
[SourceDate "2023.07.31"]
[SourceVersion "1"]
[SourceVersionDate "2023.07.31"]
[SourceQuality "1"]

1. e4 c5 2. Nf3 Nc6 3. d4 cxd4 4. Nxd4 Nf6 5. Nc3 d6 6. Bg5 Bd7 7. Bxf6 gxf6 8. Bc4 Qb6 9. Ndb5 a6 10. Nd5 Qa5+ 11. b4 Nxb4 12. Nbc7+ Kd8 13. Qd2 Rc8 14. Nxb4 Qxc7 15. Bxf7 a5 16. Nd5 Qxc2 17. Qxa5+ Rc7 18. 0-0 Bh6 19. Qxc7+ Qxc7 20. Nxc7 Kxc7 21. Bb3 Rg8 22. Bxg8 1-0

[Event "Titled Tuesday intern op 09th May Late"]
[Site "Chess.com INT"]
[Date "2023.05.09"]
[Round "2"]
[White "Delorme, Alban"]
[Black "Goncalves, Davi Sulzbacher"]
[Result "0-1"]
[WhiteElo "2298"]
[BlackElo "2282"]
[PlyCount "98"]
[EventDate "2023.05.09"]
[EventType "swiss (blitz)"]
[EventRounds "11"]
[EventCountry "USA"]
[SourceTitle "CBM 214 Extra"]
[Source "ChessBase"]
[SourceDate "2023.07.31"]
[SourceVersion "1"]
[SourceVersionDate "2023.07.31"]
[SourceQuality "1"]

1. e4 g6 2. d4 Bg7 3. Nc3 c5 4. Be3 cxd4 5. Bxd4 Nf6 6. Nf3 Nc6 7. Be3 0-0 8. h3 d6 9. Be2 a6 10. 0-0 Be6 11. Nd4 Nxd4 12. Bxd4 Rc8 13. Bf3 Nd7 14. Bxg7 Kxg7 15. e5 Nxe5 16. Bxb7 Rb8 17. Bxa6 Rxb2 18. Qd4 Kg8 19. Bd3 Qa5 20. Rfe1 Rc8 21. Nd5 Rb7 22. Nf4 Bd7 23. Nd5 Bc6 24. Be4 Bxd5 25. Bxd5 Rb4 26. c4 e6 27. Bxe6 fxe6 28. Qxd6 Nf7 29. Qxe6 Rbxc4 30. Rad1 Qf5 31. Qe7 Rc2 32. Qa7 Qc5 33. Qxc5 R8xc5 34. Rd7 Rxa2 35. g4 Rc6 36. Red1 Rf6 37. R1d2 Rxd2 38. Rxd2 Ng5 39. Kg2 Rf7 40. h4 Ne4 41. Re2 Nf6 42. Kg3 Kg7 43. f4 Nd5 44. Rf2 Re7 45. h5 Re3+ 46. Kh4 Ne7 47. hxg6 Nxg6+ 48. Kg5 h6+ 49. Kf5 Nh4# 0-1

[Event "Titled Tuesday intern op 09th May Late"]
[Site "Chess.com INT"]
[Date "2023.05.09"]
[Round "1"]
[White "Janaszak, Dawid"]
[Black "Delorme, Alban"]
[Result "1-0"]
[WhiteElo "2316"]
[BlackElo "2298"]
[PlyCount "61"]
[EventDate "2023.05.09"]
[EventType "swiss (blitz)"]
[EventRounds "11"]
[EventCountry "USA"]
[SourceTitle "CBM 214 Extra"]
[Source "ChessBase"]
[SourceDate "2023.07.31"]
[SourceVersion "1"]
[SourceVersionDate "2023.07.31"]
[SourceQuality "1"]

1. e4 c5 2. Nc3 Nc6 3. Bb5 Nd4 4. Nf3 g6 5. 0-0 Bg7 6. e5 a6 7. Bc4 d6 8. exd6 Qxd6 9. Ne4 Qc7 10. c3 Nxf3+ 11. Qxf3 Nf6 12. d3 0-0 13. Bf4 Qb6 14. Nxf6+ Bxf6 15. Rab1 Bd7 16. Rfe1 Bb5 17. Be5 Bxc4 18. dxc4 Bxe5 19. Rxe5 e6 20. Qe3 Rac8 21. h4 h5 22. g4 hxg4 23. h5 Kg7 24. hxg6 Rh8 25. gxf7 Qc6 26. Re4 Rcf8 27. Rd1 Rxf7 28. Qg5+ Kh7 29. Qh5+ Kg8 30. Rd8+ Rf8 31. Qg6# 1-0

[Event "Titled Tuesday intern op 09th May Late"]
[Site "Chess.com INT"]
[Date "2023.05.09"]
[Round "3"]
[White "Korol, Dimitry"]
[Black "Delorme, Alban"]
[Result "1-0"]
[WhiteElo "2287"]
[BlackElo "2298"]
[PlyCount "85"]
[EventDate "2023.05.09"]
[EventType "swiss (blitz)"]
[EventRounds "11"]
[EventCountry "USA"]
[SourceTitle "CBM 214 Extra"]
[Source "ChessBase"]
[SourceDate "2023.07.31"]
[SourceVersion "1"]
[SourceVersionDate "2023.07.31"]
[SourceQuality "1"]

1. d4 Nf6 2. c4 g6 3. Nc3 Bg7 4. e4 d6 5. Nf3 0-0 6. Be2 e5 7. dxe5 dxe5 8. Qxd8 Rxd8 9. Bg5 Re8 10. 0-0-0 Nc6 11. Nd5 Nxd5 12. cxd5 Nd4 13. Nxd4 exd4 14. Bd3 c5 15. dxc6 bxc6 16. Kb1 c5 17. Rc1 Bf8 18. f3 Be6 19. Bc4 Rac8 20. Rhd1 h6 21. Bh4 Bd6 22. Bg3 Bxg3 23. hxg3 Kg7 24. Rd3 f5 25. Bxe6 Rxe6 26. exf5 Re2 27. fxg6 Rxg2 28. g4 Kxg6 29. Rxd4 cxd4 30. Rxc8 Rf2 31. Rd8 Rxf3 32. Rxd4 Kg5 33. Ra4 Rf4 34. Rxa7 Rxg4 35. Kc2 Rg3 36. a4 h5 37. Rg7+ Kf4 38. Rxg3 Kxg3 39. a5 h4 40. a6 h3 41. a7 h2 42. a8Q h1Q 43. Qxh1 1-0

[Event "Titled Tuesday intern op 02nd May Early"]
[Site "Chess.com INT"]
[Date "2023.05.02"]
[Round "6"]
[White "Delorme, Alban"]
[Black "Arencibia Monduy, Antonio"]
[Result "1-0"]
[WhiteElo "2298"]
[BlackElo "2122"]
[PlyCount "113"]
[EventDate "2023.05.02"]
[EventType "swiss (blitz)"]
[EventRounds "11"]
[EventCountry "USA"]
[SourceTitle "EXT 2024"]
[Source "ChessBase"]
[SourceDate "2023.10.10"]
[SourceVersion "1"]
[SourceVersionDate "2023.10.10"]
[SourceQuality "1"]

1. e4 c5 2. Nf3 d6 3. d4 cxd4 4. Nxd4 Nf6 5. Nc3 a6 6. Bg5 e6 7. f4 Be7 8. Qf3 Qc7 9. 0-0-0 Nbd7 10. g4 b5 11. Bxf6 Nxf6 12. g5 Nd7 13. f5 Bxg5+ 14. Kb1 Ne5 15. Qh5 Bf6 16. Nxe6 Bxe6 17. fxe6 0-0 18. Nd5 Qd8 19. exf7+ Rxf7 20. Bh3 g6 21. Qe2 Kg7 22. Rhf1 Nc4 23. c3 Raa7 24. Nf4 Kh8 25. Nd5 Be5 26. Be6 Rxf1 27. Rxf1 Bg7 28. Qf2 Ra8 29. h4 a5 30. h5 gxh5 31. Qf7 Qe8 32. Qxe8+ Rxe8 33. Bd7 Nd2+ 34. Kc2 Nxf1 35. Bxe8 h4 36. Nf4 Be5 37. Nh3 Ne3+ 38. Kd3 Nc4 39. b3 Na3 40. Bd7 b4 41. cxb4 axb4 42. Bf5 Kg7 43. Ng5 h6 44. Nf3 Kf6 45. Nxh4 Kg5 46. Nf3+ Kf4 47. Nh4 h5 48. Ke2 Nb5 49. Kd3 Nd4 50. Kc4 Nxf5 51. exf5 Kg5 52. Ng2 Kxf5 53. Kxb4 Kg4 54. Kc4 Kg3 55. Ne3 Kf4 56. Nf1 Kf3 57. a4 1-0

[Event "Titled Tuesday intern op 02nd May Early"]
[Site "Chess.com INT"]
[Date "2023.05.02"]
[Round "5"]
[White "Delorme, Alban"]
[Black "Omariev, Maksim"]
[Result "1-0"]
[WhiteElo "2298"]
[BlackElo "2304"]
[PlyCount "57"]
[EventDate "2023.05.02"]
[EventType "swiss (blitz)"]
[EventRounds "11"]
[EventCountry "USA"]
[SourceTitle "EXT 2024"]
[Source "ChessBase"]
[SourceDate "2023.10.10"]
[SourceVersion "1"]
[SourceVersionDate "2023.10.10"]
[SourceQuality "1"]

1. e4 c5 2. Nf3 d6 3. d4 cxd4 4. Nxd4 Nf6 5. Nc3 a6 6. Bg5 e6 7. f4 b5 8. e5 dxe5 9. fxe5 Qc7 10. exf6 Qe5+ 11. Be2 Qxg5 12. Bf3 Ra7 13. Qe2 Bb4 14. 0-0 Bxc3 15. bxc3 gxf6 16. Qf2 Rc7 17. a4 e5 18. Rfe1 0-0 19. Ne2 Be6 20. Ng3 Nd7 21. axb5 axb5 22. Ne4 Qg6 23. Rad1 f5 24. Bh5 Qg7 25. Ng3 f4 26. Ne4 f5 27. Nd6 Qg5 28. Nxb5 Rb7 29. Be2 1-0

[Event "Titled Tuesday intern op 02nd May Early"]
[Site "Chess.com INT"]
[Date "2023.05.02"]
[Round "2"]
[White "Delorme, Alban"]
[Black "Vidit, Santosh Gujrathi"]
[Result "0-1"]
[WhiteElo "2298"]
[BlackElo "2731"]
[PlyCount "120"]
[EventDate "2023.05.02"]
[EventType "swiss (blitz)"]
[EventRounds "11"]
[EventCountry "USA"]
[SourceTitle "EXT 2024"]
[Source "ChessBase"]
[SourceDate "2023.10.10"]
[SourceVersion "1"]
[SourceVersionDate "2023.10.10"]
[SourceQuality "1"]

1. e4 d5 2. exd5 Qxd5 3. Nc3 Qd8 4. d4 Nf6 5. Nf3 g6 6. Bc4 Bg7 7. 0-0 0-0 8. h3 a6 9. a3 b5 10. Ba2 Bb7 11. Re1 e6 12. Bf4 Nc6 13. Qd2 Ne7 14. Ne5 Nf5 15. Rad1 Nd5 16. Nxd5 Bxd5 17. Bxd5 Qxd5 18. c3 Rad8 19. Qe2 h5 20. a4 bxa4 21. Qxa6 Ra8 22. Qc6 Rfb8 23. Qxd5 exd5 24. Re2 Rb3 25. Nc6 Bf8 26. g4 hxg4 27. hxg4 Nd6 28. Bxd6 Bxd6 29. Rd3 Kg7 30. Ne7 Rb5 31. Kg2 Rh8 32. Nc6 Rh4 33. Ne5 f6 34. Nf3 Rxg4+ 35. Kh3 Re4 36. Rde3 Rxe3 37. fxe3 Rb3 38. Ne1 a3 39. bxa3 Rxc3 40. Nc2 Bxa3 41. Kg4 Bd6 42. Kf3 f5 43. Kf2 Kf6 44. Ne1 g5 45. Nf3 g4 46. Nd2 Kg5 47. Nf1 Rd3 48. Ra2 f4 49. exf4+ Bxf4 50. Ra5 Rxd4 51. Ra7 Rc4 52. Ra8 Rc2+ 53. Kg1 Kf5 54. Re8 c5 55. Rd8 d4 56. Nh2 Bxh2+ 57. Kh1 Be5 58. Rf8+ Ke4 59. Rf1 d3 60. Rg1 Rh2# 0-1

[Event "Titled Tuesday intern op 02nd May Early"]
[Site "Chess.com INT"]
[Date "2023.05.02"]
[Round "1"]
[White "Postlmayer, Jakob"]
[Black "Delorme, Alban"]
[Result "1/2-1/2"]
[WhiteElo "2347"]
[BlackElo "2298"]
[PlyCount "56"]
[EventDate "2023.05.02"]
[EventType "swiss (blitz)"]
[EventRounds "11"]
[EventCountry "USA"]
[SourceTitle "EXT 2024"]
[Source "ChessBase"]
[SourceDate "2023.10.10"]
[SourceVersion "1"]
[SourceVersionDate "2023.10.10"]
[SourceQuality "1"]

1. Nf3 Nf6 2. b3 g6 3. Bb2 Bg7 4. g3 0-0 5. c4 d6 6. d4 c5 7. Bg2 Nc6 8. 0-0 Bg4 9. Nbd2 Qb6 10. h3 Bxf3 11. Nxf3 Rfd8 12. e3 Rac8 13. Qe2 h6 14. Rac1 Nd7 15. Rfd1 e5 16. dxc5 Nxc5 17. Nd2 Kh7 18. Nb1 Ne7 19. Nc3 f5 20. Rd2 e4 21. Nd5 Nxd5 22. Rxd5 Bxb2 23. Qxb2 Nd3 24. Qf6 Nxc1 25. Qf7+ Kh8 26. Qf6+ Kh7 27. Qf7+ Kh8 28. Qf6+ Kh7 1/2-1/2

[Event "Titled Tuesday intern op 02nd May Early"]
[Site "Chess.com INT"]
[Date "2023.05.02"]
[Round "4"]
[White "Schut, Han"]
[Black "Delorme, Alban"]
[Result "0-1"]
[WhiteElo "2101"]
[BlackElo "2298"]
[PlyCount "46"]
[EventDate "2023.05.02"]
[EventType "swiss (blitz)"]
[EventRounds "11"]
[EventCountry "USA"]
[SourceTitle "EXT 2024"]
[Source "ChessBase"]
[SourceDate "2023.10.10"]
[SourceVersion "1"]
[SourceVersionDate "2023.10.10"]
[SourceQuality "1"]

1. e4 c5 2. Nf3 d6 3. d4 cxd4 4. Nxd4 Nf6 5. f3 e5 6. Bb5+ Bd7 7. Bxd7+ Qxd7 8. Nf5 Nc6 9. Bg5 d5 10. Bxf6 gxf6 11. Nc3 Bb4 12. 0-0 Bxc3 13. bxc3 0-0-0 14. Qe2 Kb8 15. Rfd1 Ne7 16. Ng3 Qc6 17. Kh1 Qxc3 18. Rab1 Ka8 19. Qb5 Qc6 20. Qb4 Rd7 21. Rd3 Qxc2 22. Rdb3 Rc8 23. h3 Ng6 0-1

[Event "Titled Tuesday intern op 25th Apr Late"]
[Site "Chess.com INT"]
[Date "2023.04.25"]
[Round "10"]
[White "D'Arruda, Ricardo D"]
[Black "Delorme, Alban"]
[Result "1-0"]
[WhiteElo "2271"]
[BlackElo "2298"]
[PlyCount "79"]
[EventDate "2023.04.25"]
[EventType "swiss (blitz)"]
[EventRounds "11"]
[EventCountry "USA"]
[SourceTitle "EXT 2024"]
[Source "ChessBase"]
[SourceDate "2023.10.10"]
[SourceVersion "1"]
[SourceVersionDate "2023.10.10"]
[SourceQuality "1"]

1. g3 Nf6 2. Bg2 g6 3. e4 Bg7 4. d4 d6 5. Nc3 0-0 6. Nge2 c5 7. dxc5 dxc5 8. Qxd8 Rxd8 9. Be3 Na6 10. h3 Nb4 11. Rc1 Nd7 12. 0-0 Rb8 13. Rfd1 b6 14. f4 Ba6 15. a3 Bxe2 16. Nxe2 Bxb2 17. axb4 Bxc1 18. Rxc1 cxb4 19. Nd4 Rbc8 20. e5 Nc5 21. Nc6 Rd7 22. Nxb4 Nb3 23. Re1 Nd4 24. Be4 e6 25. Kf2 a5 26. Rd1 axb4 27. Rxd4 Rxd4 28. Bxd4 Rc4 29. Ke3 Kf8 30. Bd3 Rc8 31. Bxb6 Kg7 32. Bd4 h5 33. h4 Ra8 34. Bc5 Rb8 35. Bc4 Rc8 36. Kd4 Rd8+ 37. Bd6 Ra8 38. Bxb4 Ra1 39. Ke3 Ra4 40. c3 1-0

[Event "Titled Tuesday intern op 25th Apr Late"]
[Site "Chess.com INT"]
[Date "2023.04.25"]
[Round "1"]
[White "Toman, Ondrej"]
[Black "Delorme, Alban"]
[Result "1-0"]
[WhiteElo "2304"]
[BlackElo "2298"]
[PlyCount "91"]
[EventDate "2023.04.25"]
[EventType "swiss (blitz)"]
[EventRounds "11"]
[EventCountry "USA"]
[SourceTitle "EXT 2024"]
[Source "ChessBase"]
[SourceDate "2023.10.10"]
[SourceVersion "1"]
[SourceVersionDate "2023.10.10"]
[SourceQuality "1"]

1. d4 Nf6 2. Bg5 Ne4 3. h4 d5 4. Nd2 Nxg5 5. hxg5 c5 6. g6 fxg6 7. e3 Nc6 8. Ngf3 Bf5 9. Nh4 cxd4 10. g4 dxe3 11. fxe3 Be6 12. Nxg6 Rg8 13. Nf4 Bf7 14. Rxh7 e5 15. Ng2 Bd6 16. Qe2 Qb6 17. Qb5 Qxb5 18. Bxb5 0-0-0 19. 0-0-0 Bg6 20. Rhh1 Kb8 21. Nh4 Bf7 22. Nf5 Bc5 23. Nb3 Bb6 24. Rde1 Be6 25. a4 e4 26. Bxc6 bxc6 27. Nbd4 Bxf5 28. Nxc6+ Kc7 29. Nxd8 Bxg4 30. Nf7 Bf3 31. Rhg1 d4 32. Nh6 Rh8 33. Rxg7+ Kc6 34. Rg6+ Kb7 35. Nf5 dxe3 36. Nxe3 Rh2 37. Nc4 Bd4 38. b3 Bc3 39. Rf1 Rh3 40. Nd6+ Kc6 41. Nb5+ Kc5 42. Nxc3 e3 43. Re1 e2 44. Rg5+ Kb4 45. Kb2 Rh2 46. Rb5# 1-0

[Event "Titled Tuesday intern op 18th Apr Early"]
[Site "Chess.com INT"]
[Date "2023.04.18"]
[Round "5"]
[White "Delorme, Alban"]
[Black "Avramidou, Anastasia"]
[Result "1/2-1/2"]
[WhiteElo "2298"]
[BlackElo "2321"]
[PlyCount "94"]
[EventDate "2023.04.18"]
[EventType "swiss (blitz)"]
[EventRounds "11"]
[EventCountry "USA"]
[SourceTitle "EXT 2024"]
[Source "ChessBase"]
[SourceDate "2023.10.10"]
[SourceVersion "1"]
[SourceVersionDate "2023.10.10"]
[SourceQuality "1"]

1. e4 g6 2. d4 Bg7 3. Nc3 d6 4. Be3 Nf6 5. f3 a6 6. Qd2 b5 7. a3 Bb7 8. g4 Nbd7 9. h4 h5 10. g5 Nh7 11. Nh3 Nb6 12. Nf2 Nf8 13. 0-0-0 Nfd7 14. f4 e6 15. Rg1 d5 16. f5 exf5 17. exf5 gxf5 18. g6 f6 19. Bh3 Qe7 20. Bf4 0-0-0 21. Rde1 Qf8 22. Bxf5 Nc4 23. Qd3 Nd6 24. Be6 Re8 25. Bxd5 Rxe1+ 26. Rxe1 Bh6 27. Bxb7+ Nxb7 28. Nd5 Bxf4+ 29. Nxf4 Qh6 30. Qe3 Nd6 31. N2d3 Re8 32. Qd2 Rg8 33. Qa5 Kb7 34. Kb1 Nc4 35. Qc3 Ndb6 36. Nc5+ Ka7 37. Qf3 Rb8 38. Re8 Nd6 39. Rxb8 Kxb8 40. Qg3 Nf5 41. Qf3 Nd6 42. Qxh5 Qxf4 43. g7 Qf1+ 44. Ka2 Qc4+ 45. Kb1 Qf1+ 46. Ka2 Qc4+ 47. Kb1 Qf1+ 1/2-1/2

[Event "Titled Tuesday intern op 18th Apr Early"]
[Site "Chess.com INT"]
[Date "2023.04.18"]
[Round "4"]
[White "Delorme, Alban"]
[Black "Martin Duque, Jesus"]
[Result "1-0"]
[WhiteElo "2298"]
[BlackElo "2386"]
[PlyCount "127"]
[EventDate "2023.04.18"]
[EventType "swiss (blitz)"]
[EventRounds "11"]
[EventCountry "USA"]
[SourceTitle "EXT 2024"]
[Source "ChessBase"]
[SourceDate "2023.10.10"]
[SourceVersion "1"]
[SourceVersionDate "2023.10.10"]
[SourceQuality "1"]

1. e4 c5 2. Nf3 b6 3. c3 Bb7 4. Bd3 g6 5. Bc2 Bg7 6. 0-0 Nf6 7. Re1 0-0 8. d4 cxd4 9. cxd4 Nc6 10. a3 Rc8 11. d5 Na5 12. Nc3 Nc4 13. b3 Nxa3 14. Bxa3 Rxc3 15. Bb2 Rc7 16. Rxa7 Qb8 17. Ra1 Rfc8 18. Bd3 d6 19. Qd2 b5 20. Bd4 Ba8 21. Rac1 Nd7 22. Bxg7 Kxg7 23. Rxc7 Rxc7 24. Nd4 b4 25. Qg5 Ne5 26. Nf5+ Kh8 27. Nxe7 Qf8 28. Qf6+ Qg7 29. Qxd6 Rxe7 30. Qxe7 Nxd3 31. Qd8+ Qg8 32. Qf6+ Qg7 33. Qd8+ Qg8 34. Qxg8+ Kxg8 35. Ra1 Bb7 36. Ra7 Nc5 37. d6 Kf8 38. d7 Ke7 39. Ra5 Ne6 40. Rb5 Bxe4 41. Rxb4 Kxd7 42. Rxe4 Kc6 43. Re3 Nd4 44. f3 f5 45. Kf2 f4 46. Rd3 Kc5 47. b4+ Kc4 48. Rxd4+ Kxd4 49. Ke2 Kc4 50. Kd2 Kxb4 51. Kd3 g5 52. Ke4 Kc3 53. Kf5 h6 54. Kg6 Kd2 55. Kxh6 g4 56. fxg4 Ke3 57. g5 Kf2 58. g6 Kxg2 59. g7 f3 60. h4 f2 61. g8Q+ Kh1 62. Qf7 Kg2 63. Qxf2+ Kxf2 64. Kg7 1-0

[Event "Titled Tuesday intern op 18th Apr Early"]
[Site "Chess.com INT"]
[Date "2023.04.18"]
[Round "1"]
[White "Delorme, Alban"]
[Black "Shapiro, Viktor"]
[Result "1/2-1/2"]
[WhiteElo "2298"]
[BlackElo "2192"]
[PlyCount "202"]
[EventDate "2023.04.18"]
[EventType "swiss (blitz)"]
[EventRounds "11"]
[EventCountry "USA"]
[SourceTitle "EXT 2024"]
[Source "ChessBase"]
[SourceDate "2023.10.10"]
[SourceVersion "1"]
[SourceVersionDate "2023.10.10"]
[SourceQuality "1"]

1. e4 Nf6 2. Nc3 d5 3. exd5 Nxd5 4. Bc4 Nb6 5. Bb3 c5 6. d3 Nc6 7. Nf3 Bf5 8. 0-0 e6 9. Re1 Be7 10. Bf4 0-0 11. h3 a5 12. a4 Rc8 13. Qe2 Bf6 14. Rab1 Nd5 15. Nxd5 exd5 16. Qd2 b6 17. Re2 Nb4 18. Rd1 c4 19. dxc4 dxc4 20. Qxd8 Rfxd8 21. Rxd8+ Rxd8 22. Bxc4 Bxc2 23. Bc7 Rd1+ 24. Kh2 g5 25. Bxb6 Bxa4 26. Bxa5 Nc6 27. Bc3 Bxc3 28. bxc3 h6 29. Rd2 Rc1 30. Rd7 Rxc3 31. Bxf7+ Kf8 32. Rc7 Rc2 33. Bd5 Ne7 34. Rxc2 Bxc2 35. Bc4 Kg7 36. g3 Kf6 37. Kg2 Be4 38. Be2 Nd5 39. Kf1 Nc3 40. Nd2 Bf5 41. Bg4 Bd3+ 42. Kg2 Bg6 43. Nb3 Ke5 44. Nc5 h5 45. Bf3 Be8 46. Nd3+ Kf6 47. Nb4 Bf7 48. Nd3 h4 49. gxh4 gxh4 50. Nf4 Kf5 51. Nd3 Kg5 52. Nc1 Bc4 53. Kh2 Kf4 54. Kg2 Ke5 55. Bh5 Kf5 56. Bg4+ Kf4 57. Bc8 Bd5+ 58. Kg1 Bf3 59. Nd3+ Ke4 60. Ne1 Be2 61. Bb7+ Kf4 62. Ng2+ Kg5 63. Ne3 Nb5 64. Kg2 Nd4 65. Be4 Bh5 66. Bd3 Kf4 67. Nf1 Bf7 68. Ne3 Be6 69. Ng4 Bxg4 70. hxg4 Kxg4 71. Be4 Kf4 72. Ba8 Kg5 73. Kh3 Ne6 74. Be4 Nf4+ 75. Kh2 Kg4 76. Bb7 Nd3 77. f3+ Kg5 78. Kh3 Nf4+ 79. Kh2 Ne6 80. Bd5 Nf4 81. Be4 Ne2 82. Ba8 Nc1 83. Bb7 Nd3 84. Be4 Nf2 85. Ba8 Kf4 86. Kg2 Nd3 87. Kh3 Kg5 88. Kg2 Nf4+ 89. Kh2 Kf6 90. Be4 Ke5 91. Ba8 Kd4 92. Be4 Ke3 93. Ba8 Kf2 94. Be4 Ne2 95. Kh3 Nf4+ 96. Kxh4 Ke3 97. Kg5 Ng2 98. Kg4 Nf4 99. Kg3 Ne2+ 100. Kg4 Nd4 101. Ba8 Nxf3 1/2-1/2